This or That: Europe Edition Quiz Stats

Quiz not verified by Sporcle

Also try: The Nigeria Quiz
Challenge
Share
Tweet
Embed
Score 0/24 Timer 04:00
0 Plays Today
Which is greater? Answer % Correct
Longer river (A) Rhine or (B) Rhone????
82.1%
Age of (A) The Roman Colosseum or (B) Acropolis????
81.2%
Value of (A) One Euro or (B) One British Pound????
79.6%
Consumes more beer (A) Czech Republic or (B) Austria????
79.5%
Higher gross per capita income (A) Denmark or (B) Luxembourg????
78.7%
More lakes (A) Ukraine or (B) Finland????
78.2%
Hosted more World Cups (A) Italy or (B) United Kingdom????
77.5%
Area of (A) Lithuania or (B) Latvia????
72.3%
Extends farther to the north (A) Finland's mainland or (B) Norway's mainland????
72.2%
Population of (A) Spain or (B) Poland????
71%
More universities (A) Belgium or (B) Netherlands????
67.6%
Length of (A) Russia (East to West) or (B) Diameter of Earth's Moon????
65.9%
Which is greater? Answer % Correct
Population of (A) Rome or (B) Berlin????
62.7%
Total Nobel Prizes (A) Austria or (B) Denmark????
59.3%
Number of Gold Medals in Winter Olympics (A) Switzerland or (B) Finland????
58.9%
Height of (A) The Shard or (B) The Eiffel Tower????
57.1%
Passengers per year (A) Paris-Charles de Gaulle or (B) Frankfurt Airport????
55.5%
Higher Peak (A) Triglav, Slovenia or (B) Mount Korab, Albania/Macedonia????
51.7%
Extends farther to the south (A) Cyprus or (B) Malta????
49.4%
Area of (A) Iceland or (B) Hungary????
48.3%
Consumes more meat per capita (A) Estonia or (B) Denmark????
47.6%
Population of (A) Budapest, Hungary or (B) Bucharest, Romania????
35.1%
Population of (A) Greater London or (B) Sweden????
22.8%
Native speakers (world) of (A) French or (B) German????
20%

You're not logged in!

Compare scores with friends on all Sporcle quizzes.
Join for Free
OR
Log In

You Might Also Like...

Show Comments

Extras

Top Quizzes Today


Score Distribution

Your Account Isn't Verified!

In order to create a playlist on Sporcle, you need to verify the email address you used during registration. Go to your Sporcle Settings to finish the process.

Report this User

Report this user for behavior that violates our Community Guidelines.

Details: